| Tag |
First Indicator |
Second Indicator |
Subfields |
| LEADER |
00000cam a2200000 i 4500 |
| 001 |
in00000048457 |
| 005 |
20151007071620.0 |
| 008 |
780324c19581959dcua 01100 eng d |
| 010 |
|
|
|a 59004337
|
| 035 |
|
|
|a (OCoLC)03744890
|
| 035 |
|
|
|9 AAE6310AM
|
| 040 |
|
|
|a DHU
|c DHU
|d TXA
|d UtOrBLW
|
| 049 |
|
|
|a TXAM
|c [327149]
|
| 050 |
|
0 |
|a QD9.C49
|b C7
|
| 092 |
|
|
|a 540.149
|b C891c, 1959
|
| 100 |
1 |
|
|a Crane, E. J.
|q (Evan Jay),
|d 1889-
|
| 245 |
1 |
0 |
|a CA today ;
|b the production of chemical abstracts.
|
| 264 |
|
1 |
|a Washington :
|b American Chemical Society,
|c 1958
|
| 264 |
|
4 |
|c [©1959]
|
| 300 |
|
|
|a 130 pages :
|b illustrations ;
|c 23 cm.
|
| 336 |
|
|
|a text
|b txt
|2 rdacontent
|
| 337 |
|
|
|a unmediated
|b n
|2 rdamedia
|
| 338 |
|
|
|a volume
|b nc
|2 rdacarrier
|
| 630 |
0 |
0 |
|a Chemical abstracts.
|
| 600 |
1 |
0 |
|a Crane, E. J.
|q (Evan Jay),
|d 1889-
|
| 999 |
|
|
|a MARS
|
| 999 |
f |
f |
|s 186a58df-3a53-38f0-a629-aa29aeae2015
|i 3e4c5f7d-e14b-32a6-a2b5-c53e152df506
|t 0
|
| 952 |
f |
f |
|p ric
|a Texas A&M University
|b Rellis Campus
|c Joint Library Facility
|d Remote Storage
|t 0
|e QD9.C49 C7
|h Library of Congress classification
|i unmediated -- volume
|m A14800932377
|
| 998 |
f |
f |
|a QD9.C49 C7
|t 0
|l Remote Storage
|